Statistics for 3 Greatest Players For Each Team

Click here to take the quiz!

General Stats

  • This quiz has been taken 45 times
    (7 since last reset)
  • The average score is 52 of 90

Answer Stats

TeamsPosPlayers% Correct
New York YankeesOFBabe Ruth
100%
OFIchiro Suzuki
100%
Seattle MarinersOFKen Griffey Jr.
100%
OFMickey Mantle
100%
Los Angeles AngelsOFMike Trout
100%
Houston AstrosSPNolan Ryan
100%
SPNolan Ryan
100%
Los Angeles DodgersSPSandy Koufax
100%
Boston Red SoxOFTed Williams
100%
Atlanta BravesOFHank Aaron
86%
Pittsburgh PiratesSSHonus Wagner
86%
Texas RangersCIvan Rodriguez
86%
2BJackie Robinson
86%
SPJosh Johnson
86%
1BLou Gehrig
86%
Arizona DiamondbacksSPRandy Johnson
86%
St. Louis Cardinals1BStan Musial
86%
San Franciso GiantsOFWillie Mays
86%
SPBob Gibson
71%
3BBrooks Robinson
71%
Baltimore OriolesSSCal Ripken Jr.
71%
OFCarl Yastrzemski
71%
SPChristy Mathewson
71%
2BCraig Biggio
71%
DHEdgar Martinez
71%
Chicago White Sox1BFrank Thomas
71%
1BJeff Bagwell
71%
CJohnny Bench
71%
Philadelphia Phillies3BMike Schmidt
71%
SPPedro Martinez
71%
IF/OFPete Rose
71%
OFReggie Jackson
71%
OFRoberto Clemente
71%
SPSteve Carlton
71%
San Diego PadresOFTony Gwynn
71%
Detroit TigersOFTy Cobb
71%
OFAl Kaline
57%
CCarlton Fisk
57%
OFDarryl Strawberry
57%
3BEddie Mathews
57%
Kansas City Royals3BGeorge Brett
57%
1BHarmon Killebrew
57%
OFJuan Gonzalez
57%
Minnesota TwinsOFKirby Puckett
57%
OFLarry Walker
57%
OFLuis Gonzalez
57%
3BPaul Molitor
57%
Milwaukee BrewersSSRobin Yount
57%
2BRod Carew
57%
3BRogers Hornsby
57%
Chicago Cubs3BRon Santo
57%
2BRyne Sandberg
57%
New York MetsSPTom Seaver
57%
SPWarren Spahn
57%
SPBrett Saberhagen
43%
SPDave Stieb
43%
OFDave Winfield
43%
RPDennis Eckersley
43%
SPDwight Gooden
43%
SSErnie Banks
43%
3BEvan Longoria
43%
Washington NationalsCGary Carter
43%
OFGiancarlo Stanton
43%
Miami MarlinsSSHanley Ramirez
43%
SPJim Palmer
43%
Cincinnati Reds2BJoe Morgan
43%
2BNap Lajoie
43%
Oakland AthleticsOFRickey Henderson
43%
SPRoy Halladay
43%
Colorado Rockies1BTodd Helton
43%
OFVladimir Guerrero
43%
1BWillie McCovey
43%
Cleveland IndiansSPBob Feller
29%
Tampa Bay RaysOFCarl Crawford
29%
1BCecil Cooper
29%
SPDon Drysdale
29%
1BHank Greenberg
29%
3BNolan Arenado
29%
Toronto Blue Jays2BRoberto Alomar
29%
OFTim Raines
29%
OFTim Salmon
29%
OFTris Speaker
29%
2BFrank White
14%
SPGrover Cleveland Alexander
14%
SPJames Shields
14%
SSJim Fregosi
14%
1BPaul Konerko
14%
OFPaul Waner
14%
OFSteve Finley
14%
RPTrevor Hoffman
14%

Score Distribution

Percentile by Number Answered

Percent of People with Each Score

Your Score History

You have not taken this quiz since the last reset